000 00603nam a2200181Ia 4500
008 100920s9999 xx 000 0 und d
082 _b35072
_a31 थ 75
100 _aचन्दनमल चाँद.
245 _aकंचन और कसोटी.
260 _bअणुव्रत समिती , बम्बइ,र्.
_c1975
300 _a101
_bसाधी
365 _b3.8
520 _aजैन वाड:मय.
630 _aकंचन और कसोटी.
650 _aजैन वाड:मय.
730 _aकंचन और कसोटी.
942 _cBOOK
999 _c689153
_d689150